000 00218nam a22000857a 4500
008 160921b xxu||||| |||| 00| 0 eng d
100 _9692
_aCBSE
245 _aRachna Tamak (Hindi)
260 _aNew Delhi
_bAPC publication
_c2010
999 _c3349
_d3349